أصناف المغرورين لحجة الإسلام أبي حامد الغزالي 450-505هـ / (رقم التسجيلة. 135466)

تفاصيل مارك
000 -الفاتح
عناصر البيانات ثابتة الطول 00812cam a2200205 i 4500
005 - تاريخ ووقت آخر معاملة
حقل ضبط 20251221105555.0
008 - عناصر البيانات ثابتة الطول
عناصر البيانات ثابتة الطول 250721s2016 ua gr 000 0 ara d
020 ## - الترقيم الدولي المعياري للكتب (ردمك)
الترقيم الدولي المعياري للكتب (ردمك) 9789776460973
082 14 - رقم تصنيف ديوي العشري
رقم التصنيف 218.2
رقم المادة غ ز ا
100 1# - مدخل رئيسي – اسم شخصي
الاسم الشخصي عبد اللطيف، ضياء الدين ابراهيم
علاقة الشخص بالعمل/ دوره محقق.
245 10 - بيان العنوان
العنوان أصناف المغرورين لحجة الإسلام أبي حامد الغزالي 450-505هـ /
بيان المسؤولية ضياء الدين ابراهيم عبد اللطيف.
250 ## - بيان الطبعة
بيان الطبعة الطبعه الاولى.
264 31 - بيانات النشر، التوزيع…إلخ
مكان النشر، التوزيع...إلخ القاهرة :
اسم الناشر، الموزع...إلخ شركة القدس للنشر والتوزيع،
تاريخ النشر، التوزيع...إلخ 2016.
300 ## - الوصف المادي
عدد الوحدات المكونة للوعاء 79 صفحه.
650 17 - مدخل إضافي بالموضوع - مصطلح موضوعي
مصطلح موضوعي أو اسم جغرافي كعنصر مدخل الاداب الاسلامية.
650 17 - مدخل إضافي بالموضوع - مصطلح موضوعي
مصطلح موضوعي أو اسم جغرافي كعنصر مدخل التعلم.
650 17 - مدخل إضافي بالموضوع - مصطلح موضوعي
مصطلح موضوعي أو اسم جغرافي كعنصر مدخل التربية الدينية.
942 ## - بيانات إضافية (كوها)
نوع التنصيف Dewey Decimal Classification
نوع المادة (كوها) كتب
المقتنيات
حالة السحب حالة الفقدان مصدر التصنيف حالة التلف غير قابل للإعارة المكتبة الرئيسية المكتبة الحالية موقع الرف تاريخ التزويد الرقم المتسلسل Total Checkouts رقم الإستدعاء الباركود تاريخ آخر ظهور تاريخ الفاتورة نوع المادة (كوها)
    Dewey Decimal Classification     المكتبة المركزية المكتبة المركزية الإعارة 28/07/2025 1644648   218.2 / غ ز ا PLD00396723 28/07/2025 28/07/2025 كتب
    Dewey Decimal Classification     مكتبة أم قصير والمقابلين العامة مكتبة أم قصير والمقابلين العامة الإعارة 07/11/2016 1644652   218.2/غزا PLD00397970 28/07/2025 07/11/2016 كتب
    Dewey Decimal Classification     مكتبة الاميرة بديعة مكتبة الاميرة بديعة الإعارة 07/11/2016 1644651   218.2/غزا PLD00397969 28/07/2025 07/11/2016 كتب
Implemented & Customized by: BBB with SCIT (Smart Chains for Information Technology)

Powered by Koha